[Event "Azores op 4th"]
[Site "Ponta Delgada"]
[Date "2017.12.10"]
[Round "6"]
[White "Redondo Arguelles, Graciela"]
[Black "Palhais, Custodio"]
[Result "1-0"]
[WhiteElo "2031"]
[BlackElo "1762"]
[PlyCount "23"]
[EventDate "2017.12.07"]
[EventType "swiss"]
[EventRounds "7"]
[EventCountry "POR"]
[SourceTitle "CBM 182 Extra"]
[Source "ChessBase"]
[SourceDate "2018.02.23"]
[SourceVersion "1"]
[SourceVersionDate "2018.02.23"]
[SourceQuality "1"]

1. e4 e5 2. Nf3 Nc6 3. d4 exd4 4. Bc4 Be7 5. c3 Nf6 6. e5 Ne4 7. Bd5 Ng5 8. Nxg5 Bxg5 9. Qh5 Nxe5 10. Bxg5 dxc3 11. Nxc3 g6 12. Qh4 1-0

[Event "POR-ch Seniors 50+"]
[Site "Luso"]
[Date "2017.04.10"]
[Round "2"]
[White "Ferreira, Antonio Luis"]
[Black "Palhais, Custodio"]
[Result "1-0"]
[WhiteElo "2092"]
[BlackElo "1751"]
[PlyCount "67"]
[EventDate "2017.04.09"]
[EventType "swiss"]
[EventRounds "5"]
[EventCountry "POR"]
[SourceTitle "EXT 2018"]
[Source "ChessBase"]
[SourceDate "2017.10.13"]
[SourceVersion "1"]
[SourceVersionDate "2017.10.13"]
[SourceQuality "1"]

1. d4 d5 2. c4 Nf6 3. cxd5 Nxd5 4. Nf3 g6 5. e4 Nf6 6. Nc3 c6 7. Be2 Bg7 8. 0-0 0-0 9. h3 Nbd7 10. a4 b6 11. e5 Nd5 12. Nxd5 cxd5 13. Qb3 e6 14. Bd2 f6 15. Bb4 Rf7 16. exf6 Bxf6 17. Bb5 a6 18. Bd3 Bb7 19. Rfe1 Bc8 20. Re2 a5 21. Ba3 Nf8 22. Rc1 Raa7 23. Rec2 Rfc7 24. Rc3 Nd7 25. Qc2 Rxc3 26. Qxc3 Ra8 27. Qc6 Rb8 28. Qxe6+ Kg7 29. Qd6 Kh6 30. Bb5 Rb7 31. Qc6 Rb8 32. Bd6 Bg5 33. Nxg5 Qxg5 34. Bxb8 1-0

[Event "POR-ch Seniors 50+"]
[Site "Luso"]
[Date "2017.04.09"]
[Round "1"]
[White "Palhais, Custodio"]
[Black "Fernandes, Antonio ETG"]
[Result "0-1"]
[WhiteElo "1751"]
[BlackElo "2463"]
[PlyCount "76"]
[EventDate "2017.04.09"]
[EventType "swiss"]
[EventRounds "5"]
[EventCountry "POR"]
[SourceTitle "EXT 2018"]
[Source "ChessBase"]
[SourceDate "2017.10.13"]
[SourceVersion "1"]
[SourceVersionDate "2017.10.13"]
[SourceQuality "1"]

1. e4 c5 2. Nf3 e6 3. d4 cxd4 4. Nxd4 Nf6 5. f3 d5 6. e5 Nfd7 7. f4 Nc6 8. Nxc6 bxc6 9. Bd3 Bc5 10. Qf3 0-0 11. Be3 Qb6 12. Bxc5 Nxc5 13. b3 Qb4+ 14. Nd2 Qd4 15. Rd1 f6 16. Nb1 Nxd3+ 17. Rxd3 Qb2 18. 0-0 fxe5 19. Rdd1 Rxf4 20. Qc3 Qxc3 21. Nxc3 Kf7 22. Na4 Ke7 23. Nc5 Kd6 24. Rxf4 exf4 25. b4 a5 26. a3 axb4 27. axb4 Ra2 28. c4 Ba6 29. cxd5 cxd5 30. Ne4+ Ke5 31. Nc5 Be2 32. Rb1 Kd6 33. Nb3 Bd3 34. Re1 Be4 35. Nc5 Rxg2+ 36. Kf1 Rxh2 37. Nxe4+ dxe4 38. Rxe4 e5 0-1

[Event "Lisbon Portugal rapid op"]
[Site "Lisbon"]
[Date "2017.02.11"]
[Round "3"]
[White "Rego, Pedro Filipe"]
[Black "Palhais, Custodio"]
[Result "1-0"]
[WhiteElo "2232"]
[BlackElo "1716"]
[PlyCount "71"]
[EventDate "2017.02.11"]
[EventType "swiss (rapid)"]
[EventRounds "8"]
[EventCountry "POR"]
[SourceTitle "CBM 176 Extra"]
[Source "ChessBase"]
[SourceDate "2017.03.02"]
[SourceVersion "1"]
[SourceVersionDate "2017.03.02"]
[SourceQuality "1"]

1. e4 e5 2. Nf3 Nc6 3. d4 exd4 4. Bc4 Be7 5. Nxd4 Nxd4 6. Qxd4 Bf6 7. Qe3 Qe7 8. 0-0 d6 9. Nc3 c6 10. a4 Nh6 11. h3 Be6 12. Bxe6 fxe6 13. Qe2 Nf7 14. f4 Bd4+ 15. Be3 e5 16. Rad1 Bxe3+ 17. Qxe3 0-0 18. f5 Qf6 19. Rf2 a6 20. Qb6 Rab8 21. a5 Rfd8 22. Rfd2 Qg5 23. Rd3 Rd7 24. Qf2 Rbd8 25. Na4 Qh5 26. Nc5 Re7 27. Ne6 Rde8 28. g4 Qh6 29. h4 Rxe6 30. fxe6 Rxe6 31. Rf3 Qg6 32. g5 h6 33. Rf1 Re7 34. Rg3 Qxe4 35. g6 Qd4 36. gxf7+ 1-0